zpět

Detail výsledku týmu

The PUB Praha 6 , Praha

Datum a čas kvízu

33 Celkem bodů Celkový počet nahraných bodů na tomto kvízu bez doplňovacích otázek.
5. Pořadí na kvízu Konečné umístění týmu na tomto kvízu.

Zaznamenané odpovědi

# Otázka Odpověď Body Výsledky
1. Společnost Lidl oznámila, že s... Na Příkopě 0
2. V uplynulém týdnu odstartovala... Donald Trump 0
3. V pátek večer ovládl udílení f... Cate Blanchettová 1
4. V pondělí představila společno... příchuť vesmíru 1
5. Jak se jmenuje tenista, který... Jiří Veselý 1
6. Začneme sarajevským atentátem... V 50 letech. (Uznáváme 48–52 let.) 0
7. Na Adolfa Hitlera bylo spáchán... Stauffenberg 1
8. Fanny Kaplanová byla ruskou po... B 1
9. Jak se jmenoval jediný novodob... Alois Rašín 1
10. Poslední bod tohoto tématu roz... Bénazír Bhuttová, Pákistán 0